Daň z príjmov spoločností v členských štátoch EÚ - rozdiely a podobnosti

Harmonizácia dane z príjmov spoločností EÚ. Komparácia pravidiel pre daň z príjmov spoločností v štátoch EÚ. Klasifikácia členských štátov do skupín - zhluková analýza.

Guardado en:
Detalles Bibliográficos
Autor principal: Huňady, Ján
Formato: Capítulo de libro
Lenguaje:eslovaco
Materias:
Etiquetas: Agregar Etiqueta
Sin Etiquetas, Sea el primero en etiquetar este registro!

MARC

LEADER 00000naa a2200000 4500
001 0180386
005 20231204131129.8
041 0 |a slo 
044 |a SK 
245 1 0 |a Daň z príjmov spoločností v členských štátoch EÚ - rozdiely a podobnosti  |c Ján Huňady 
520 |a Harmonizácia dane z príjmov spoločností EÚ. Komparácia pravidiel pre daň z príjmov spoločností v štátoch EÚ. Klasifikácia členských štátov do skupín - zhluková analýza. 
610 2 0 |a Európska únia 
610 2 0 |a analýza komparatívna 
610 2 0 |a analýza zhluková 
610 2 0 |a harmonizácia 
610 2 0 |a spoločnosti 
610 2 0 |a dane z príjmov 
100 1 |a Huňady, Ján